Η κοινωνική ενσωμάτωση : μια σύγχρονη προσέγγιση

Αποθηκεύτηκε σε:
Λεπτομέρειες βιβλιογραφικής εγγραφής
Κύριος συγγραφέας: Schnapper, Dominique
Άλλοι συγγραφείς: Γιαταγάνας, Ξενοφών Α., 1948- (Μεταφραστής)
Μορφή: Βιβλίο
Γλώσσα:Greek
Δημοσίευση: Αθήνα : Κριτική, c2008.
Σειρά:Επιστημονική βιβλιοθήκη (Κριτική)
Θέματα:
Ετικέτες: Προσθήκη ετικέτας
Δεν υπάρχουν, Καταχωρήστε ετικέτα πρώτοι!

MARC

LEADER 00000cam a2200000 a 4500
001 1/124237
008 220125s2008####gr | ||| |||| ||gre||
020 |a 9789602186060 
040 |a GR-MyUa  |b gre  |c GR-MyUa  |e AACR2 
041 1 |a gre 
082 7 |a 303.32   |2 (23) 
100 1 |a Schnapper, Dominique. 
245 1 2 |a Η κοινωνική ενσωμάτωση :   |b μια σύγχρονη προσέγγιση /   |c Dominique Schnapper ; εισαγωγή-επιστημονική επιμέλεια Δέσποινα Παπαδοπούλου ; μετάφραση Ξενοφών Γιαταγάνας.  
260 |a Αθήνα :   |b Κριτική,   |c c2008.  
300 |a 295 σ. ;   |c 21 εκ.  
490 1 |a (Επιστημονική βιβλιοθήκη)  
500 |a Τίτλος πρωτοτύπου: Qu'est-ce que l'integration?  
504 |a Περιλαμβάνει βιβλιογραφικές παραπομπές.  
650 0 |a Social integration 
700 1 |a Γιαταγάνας, Ξενοφών Α.,   |d 1948-  |e trl 
830 0 |a Επιστημονική βιβλιοθήκη (Κριτική) 
852 |a INST  |b LESVOS  |c EUDOXUS  |e 20220125  |h 303.32 SCH  |p 005100063677  |q 005100063677  |t EDX  |y 0 
852 |a INST  |b LESVOS  |c EUDOXUS  |e 20220125  |h 303.32 SCH  |p 005100063678  |q 005100063678  |t EDX  |y 0 
920 |a Εύδοξος  |b Παραγγελία  |y Λέσβος-ΤΚ  |z 2021-12 
970 |a Καμάτσου  |b Δέσποινα  |z 25-01-2022